000 00379cam a2200157ua 4500
041 _aeng
_h
082 _a828.09
_bCLA/EN
100 _aClay, N L .
245 _aEnglish critic from Chaucer to Auden /
_cN L Clay.
_hTextual Documents
250 _a1 /
_b.
260 _aLondon :
_bHeinemann ,
_c1962.
300 _a208 ; .
504 _a
942 _cBK
999 _c6523
_d6523